[Event "Buenos Aires Meranol Cup"]
[Site "Buenos Aires"]
[Date "2019.10.26"]
[Round "8"]
[White "Mussanti, Diego"]
[Black "Cuasnicu, Oscar"]
[Result "1-0"]
[WhiteElo "2376"]
[BlackElo "2365"]
[PlyCount "85"]
[EventDate "2019.10.17"]
[EventType "tourn"]
[EventRounds "9"]
[EventCountry "ARG"]
[EventCategory "2"]
[SourceTitle "CBM 192 Extra"]
[Source "Chessbase"]
[SourceDate "2019.11.06"]
[SourceVersion "1"]
[SourceVersionDate "2019.11.06"]
[SourceQuality "1"]

1. e4 c5 2. Nf3 Nc6 3. d4 cxd4 4. Nxd4 Qb6 5. Nb3 Nf6 6. Nc3 e6 7. Bd3 Be7 8. 0-0 0-0 9. Kh1 d5 10. exd5 exd5 11. Bf4 Be6 12. Nb5 Rac8 13. c3 Qd8 14. Qf3 Qd7 15. h3 Bf5 16. Rad1 Bxd3 17. Qxd3 a6 18. N5d4 Nxd4 19. Nxd4 Bd6 20. Bxd6 Qxd6 21. Nf5 Qc7 22. Qd4 Rce8 23. Rfe1 Re6 24. Re3 Rfe8 25. Rde1 Rxe3 26. Rxe3 Rxe3 27. Qxe3 g6 28. Qd4 Qd8 29. Ne3 Qe7 30. Kg1 h5 31. Kf1 Qe6 32. a4 Qc6 33. a5 Kf8 34. g4 hxg4 35. hxg4 Qe6 36. Ke2 g5 37. f3 Ke8 38. Kd2 Qd6 39. Nf5 Qf4+ 40. Qxf4 gxf4 41. Nd6+ Ke7 42. Nxb7 Nd7 43. b4 1-0

[Event "Buenos Aires"]
[Site "Buenos Aires"]
[Date "1988.??.??"]
[Round "?"]
[White "Cuasnicu, Oscar"]
[Black "Cifuentes Parada, Roberto"]
[Result "0-1"]
[WhiteElo "2370"]
[BlackElo "2530"]
[PlyCount "73"]
[EventDate "1988.04.??"]
[EventType "tourn"]
[EventRounds "15"]
[EventCountry "ARG"]
[EventCategory "8"]
[SourceTitle "EXT 1997"]
[Source "ChessBase"]
[SourceDate "1996.11.15"]
[SourceVersion "1"]
[SourceVersionDate "1996.11.15"]
[SourceQuality "1"]

1. e4 c5 2. Nf3 d6 3. d4 cxd4 4. Nxd4 Nf6 5. Nc3 Nc6 6. Bc4 Qb6 7. Nb3 e6 8. 0-0 a6 9. a4 Qc7 10. a5 Nxa5 11. Nxa5 b6 12. Qe2 bxa5 13. f4 Be7 14. Bd3 Bb7 15. Ra4 Nd7 16. Be3 Nc5 17. Rc4 0-0 18. Na4 Rab8 19. e5 Qd7 20. exd6 Nxa4 21. dxe7 Rfe8 22. Bd4 Rbc8 23. Qh5 f5 24. Qg5 Rxe7 25. Rxa4 Qxa4 26. Qxe7 Qxd4+ 27. Rf2 Bd5 28. b3 h6 29. h3 a4 30. bxa4 Rb8 31. Qh4 Rb1+ 32. Kh2 a5 33. Qg3 Qa1 34. Qe3 Rh1+ 35. Kg3 Qf6 36. Qa7 Qg6+ 37. Kh4 0-1

[Event "Buenos Aires"]
[Site "Buenos Aires"]
[Date "1988.??.??"]
[Round "?"]
[White "Cuasnicu, Oscar"]
[Black "Franco Ocampos, Zenon"]
[Result "0-1"]
[WhiteElo "2370"]
[BlackElo "2425"]
[PlyCount "120"]
[EventDate "1988.04.??"]
[EventType "tourn"]
[EventRounds "15"]
[EventCountry "ARG"]
[EventCategory "8"]
[SourceTitle "EXT 1997"]
[Source "ChessBase"]
[SourceDate "1996.11.15"]
[SourceVersion "1"]
[SourceVersionDate "1996.11.15"]
[SourceQuality "1"]

1. c4 Nf6 2. Nc3 d5 3. cxd5 Nxd5 4. g3 c5 5. Bg2 Nc7 6. d3 e5 7. f4 exf4 8. Bxf4 Be7 9. Nf3 Nc6 10. 0-0 0-0 11. Rc1 Ne6 12. Bd2 Rb8 13. Kh1 b6 14. Ne4 Bb7 15. Bc3 Qd7 16. Qa4 Ba8 17. Nf2 b5 18. Qd1 Ncd4 19. Bxd4 Nxd4 20. Nxd4 Bxg2+ 21. Kxg2 Qxd4 22. Qb3 Kh8 23. Nh3 Qe3 24. Qc2 Bf6 25. Rf3 Qe6 26. b3 Rbc8 27. Rcf1 Rc7 28. Nf4 Qc6 29. e4 Bd4 30. Nd5 Rd7 31. h3 g6 32. g4 f5 33. Kh1 Rg8 34. Qg2 c4 35. dxc4 bxc4 36. bxc4 Qxc4 37. Ne3 Qc5 38. Rd1 fxe4 39. Rff1 Re7 40. Rc1 Qg5 41. Nc2 Bc5 42. Rce1 Rge8 43. Re2 e3 44. Qc6 Qe5 45. Qf6+ Qxf6 46. Rxf6 Rd7 47. Rf1 Rd2 48. Rfe1 Rf8 49. Rxd2 exd2 50. Rd1 Rf2 51. Kg1 Kg7 52. a3 a5 53. a4 Kf6 54. Na1 Kg5 55. Nb3 Be3 56. Nxa5 Rf5+ 57. Kg2 Rxa5 58. Kf3 Re5 59. a5 Kh4 60. a6 Bg5 0-1

[Event "Buenos Aires"]
[Site "Buenos Aires"]
[Date "1988.??.??"]
[Round "?"]
[White "Slipak, Sergio"]
[Black "Cuasnicu, Oscar"]
[Result "1/2-1/2"]
[WhiteElo "2395"]
[BlackElo "2370"]
[PlyCount "44"]
[EventDate "1988.04.??"]
[EventType "tourn"]
[EventRounds "15"]
[EventCountry "ARG"]
[EventCategory "8"]
[SourceTitle "EXT 1997"]
[Source "ChessBase"]
[SourceDate "1996.11.15"]
[SourceVersion "1"]
[SourceVersionDate "1996.11.15"]
[SourceQuality "1"]

1. e4 e5 2. Nf3 d6 3. d4 Nf6 4. Nc3 Nbd7 5. Bc4 Be7 6. 0-0 0-0 7. Qe2 c6 8. Rd1 Qc7 9. a4 h6 10. h3 Re8 11. dxe5 Nxe5 12. Bb3 Bf8 13. Be3 Be6 14. Nd4 Bxb3 15. Nxb3 Rad8 16. a5 b5 17. axb6 axb6 18. Ra6 Ned7 19. Nd2 d5 20. exd5 Nc5 21. Raa1 Nxd5 22. Nxd5 Rxd5 1/2-1/2

[Event "Buenos Aires"]
[Site "Buenos Aires"]
[Date "1988.??.??"]
[Round "?"]
[White "Valiente, Cristobal"]
[Black "Cuasnicu, Oscar"]
[Result "0-1"]
[WhiteElo "2320"]
[BlackElo "2370"]
[PlyCount "54"]
[EventDate "1988.04.??"]
[EventType "tourn"]
[EventRounds "15"]
[EventCountry "ARG"]
[EventCategory "8"]
[SourceTitle "EXT 1997"]
[Source "ChessBase"]
[SourceDate "1996.11.15"]
[SourceVersion "1"]
[SourceVersionDate "1996.11.15"]
[SourceQuality "1"]

1. Nf3 Nf6 2. b3 g6 3. Bb2 Bg7 4. g3 b5 5. e4 Bb7 6. e5 Ng4 7. d4 0-0 8. h3 Nh6 9. Bxb5 d6 10. Nbd2 c5 11. dxc5 Qa5 12. a4 dxe5 13. 0-0 a6 14. Qe2 axb5 15. axb5 Qc7 16. c6 Nxc6 17. bxc6 Qxc6 18. Qc4 Qd7 19. Qe2 Rac8 20. Qd3 Qc6 21. Qc4 Qb6 22. Qh4 Nf5 23. Qa4 Rxc2 24. Nc4 Rxc4 25. Qxc4 Bxf3 26. Ra6 Qd8 27. Qc3 Be2 0-1

[Event "ARG-ch58+"]
[Site "Buenos Aires"]
[Date "1983.03.??"]
[Round "3"]
[White "Gomez Baillo, Jorge H"]
[Black "Cuasnicu, Oscar"]
[Result "1-0"]
[WhiteElo "2330"]
[BlackElo "2390"]
[PlyCount "83"]
[EventDate "1983.03.??"]
[EventType "tourn"]
[EventRounds "3"]
[EventCountry "ARG"]
[EventCategory "3"]
[SourceTitle "MCD"]
[Source "ChessBase"]
[SourceDate "1999.07.01"]
[SourceVersion "1"]
[SourceVersionDate "1999.07.01"]
[SourceQuality "1"]

1. e4 e5 2. Nf3 d6 3. Bc4 Nf6 4. Nc3 Be7 5. d4 Nbd7 6. 0-0 0-0 7. Re1 c6 8. Bf1 Qc7 9. b3 Re8 10. Bb2 Bf8 11. g3 b5 12. Bg2 a5 13. a4 b4 14. Nb1 Ba6 15. Nbd2 g6 16. dxe5 dxe5 17. Bf1 Bxf1 18. Rxf1 Bg7 19. Qe2 Nc5 20. Ne1 Ne6 21. f3 Nd4 22. Bxd4 exd4 23. Qg2 Re7 24. Nd3 Rae8 25. Rae1 Nd7 26. Nc4 Nf6 27. Kh1 h5 28. e5 Nd5 29. f4 f6 30. Qe4 fxe5 31. Ndxe5 Re6 32. Qxd4 Nf6 33. Qf2 c5 34. Qf3 Ng4 35. Qd5 Kh7 36. h3 Nh6 37. Kg2 Qc8 38. Nf3 Re2+ 39. Rxe2 Rxe2+ 40. Rf2 Rxf2+ 41. Kxf2 Bf6 42. Kg2 1-0

[Event "Buenos Aires"]
[Site "Buenos Aires"]
[Date "1983.??.??"]
[Round "8"]
[White "Cuasnicu, Oscar"]
[Black "Panno, Oscar"]
[Result "1/2-1/2"]
[WhiteElo "2390"]
[BlackElo "2500"]
[PlyCount "30"]
[EventDate "1983.03.??"]
[EventType "tourn"]
[EventRounds "11"]
[EventCountry "ARG"]
[EventCategory "6"]
[SourceTitle "MCD"]
[Source "ChessBase"]
[SourceDate "1999.07.01"]
[SourceVersion "1"]
[SourceVersionDate "1999.07.01"]
[SourceQuality "1"]

1. e4 c6 2. d4 d5 3. exd5 cxd5 4. Bd3 Nc6 5. c3 g6 6. Nf3 Nh6 7. 0-0 Bg7 8. Re1 0-0 9. Bf4 Nf5 10. Nbd2 Nd6 11. Qb3 e6 12. Ne5 Ne7 13. Re2 g5 14. Bg3 Nef5 15. Nf1 Nxg3 1/2-1/2

[Event "Buenos Aires"]
[Site "Buenos Aires"]
[Date "1983.??.??"]
[Round "7"]
[White "Najdorf, Miguel"]
[Black "Cuasnicu, Oscar"]
[Result "1/2-1/2"]
[WhiteElo "2515"]
[BlackElo "2390"]
[PlyCount "58"]
[EventDate "1983.03.??"]
[EventType "tourn"]
[EventRounds "11"]
[EventCountry "ARG"]
[EventCategory "6"]
[SourceTitle "MCD"]
[Source "ChessBase"]
[SourceDate "1999.07.01"]
[SourceVersion "1"]
[SourceVersionDate "1999.07.01"]
[SourceQuality "1"]

1. Nf3 c5 2. c4 g6 3. g3 Bg7 4. Bg2 Nc6 5. 0-0 Nh6 6. Nc3 0-0 7. d3 Nf5 8. Bd2 b6 9. Rb1 Bb7 10. a3 d6 11. b4 Qd7 12. Ne4 cxb4 13. axb4 Ncd4 14. Nxd4 Nxd4 15. e3 Ne6 16. Nc3 Bxg2 17. Kxg2 Bxc3 18. Bxc3 d5 19. cxd5 Qxd5+ 20. e4 Qc6 21. Rc1 Rfd8 22. Qf3 Qb5 23. Rfd1 Nd4 24. Qe3 e5 25. f4 Rd7 26. fxe5 Qxe5 27. Ba1 Rad8 28. Rc4 b5 29. Rc5 Qe6 1/2-1/2

[Event "ARG-ch55"]
[Site "Quilmes"]
[Date "1980.06.21"]
[Round "13"]
[White "Quinteros, Miguel Angel"]
[Black "Cuasnicu, Oscar"]
[Result "1-0"]
[WhiteElo "2515"]
[BlackElo "2400"]
[PlyCount "64"]
[EventDate "1980.05.28"]
[EventType "swiss"]
[EventRounds "13"]
[EventCountry "ARG"]
[SourceTitle "MCL"]
[Source "ChessBase"]
[SourceDate "1999.07.01"]
[SourceVersion "1"]
[SourceVersionDate "1999.07.01"]
[SourceQuality "1"]

1. Nf3 Nf6 2. c4 e6 3. g3 d5 4. Bg2 Be7 5. 0-0 0-0 6. d4 dxc4 7. Qc2 a6 8. a4 Nc6 9. Qxc4 Qd5 10. Qd3 Nb4 11. Qd1 Qh5 12. Bg5 h6 13. Bxf6 Bxf6 14. Nc3 Rd8 15. Ne4 Be7 16. Ne5 f6 17. Nf3 c5 18. e3 Nc6 19. Qb3 cxd4 20. exd4 Qd5 21. Qe3 Nxd4 22. Rfd1 Nxf3+ 23. Bxf3 Qa5 24. Rxd8+ Qxd8 25. Nc5 Qb6 26. Rc1 Rb8 27. b4 Bxc5 28. Rxc5 Qd6 29. Rc1 Bd7 30. Rd1 Qc7 31. a5 Rc8 32. Qe4 Qc6 1-0

[Event "ARG-ch55"]
[Site "Quilmes"]
[Date "1980.06.18"]
[Round "12"]
[White "Bronstein, Luis Marcos"]
[Black "Cuasnicu, Oscar"]
[Result "0-1"]
[WhiteElo "2420"]
[BlackElo "2400"]
[PlyCount "64"]
[EventDate "1980.05.28"]
[EventType "swiss"]
[EventRounds "13"]
[EventCountry "ARG"]
[SourceTitle "MCL"]
[Source "ChessBase"]
[SourceDate "1999.07.01"]
[SourceVersion "1"]
[SourceVersionDate "1999.07.01"]
[SourceQuality "1"]

1. d4 Nf6 2. c4 e6 3. Nf3 b6 4. a3 Bb7 5. Nc3 Be7 6. d5 d6 7. g3 e5 8. Bg2 0-0 9. 0-0 Ne8 10. e4 Nd7 11. b4 c6 12. Be3 cxd5 13. cxd5 g6 14. h4 Ng7 15. Bh6 Nf6 16. Bh3 Bc8 17. Bxc8 Rxc8 18. Rc1 Qd7 19. Qd3 Nfh5 20. Qb5 Qh3 21. Ne2 Qg4 22. Nh2 Qh3 23. Rxc8 Rxc8 24. Rc1 Nf6 25. Rxc8+ Qxc8 26. Bg5 Qc2 27. Bxf6 Bxf6 28. Ng4 Nh5 29. f3 Kg7 30. Kf2 Bxh4 31. gxh4 Nf4 32. Nh2 Qd2 0-1

[Event "ARG-ch55"]
[Site "Quilmes"]
[Date "1980.06.09"]
[Round "7"]
[White "Cuasnicu, Oscar"]
[Black "Najdorf, Miguel"]
[Result "0-1"]
[WhiteElo "2400"]
[BlackElo "2510"]
[PlyCount "92"]
[EventDate "1980.05.28"]
[EventType "swiss"]
[EventRounds "13"]
[EventCountry "ARG"]
[SourceTitle "MCL"]
[Source "ChessBase"]
[SourceDate "1999.07.01"]
[SourceVersion "1"]
[SourceVersionDate "1999.07.01"]
[SourceQuality "1"]

1. e4 c5 2. Nf3 d6 3. d4 cxd4 4. Nxd4 Nf6 5. Nc3 e6 6. Be2 Be7 7. 0-0 0-0 8. Kh1 Nc6 9. f4 Bd7 10. Nf3 a6 11. a4 Qc7 12. Bd3 Nb4 13. e5 Ne8 14. Be3 Bc6 15. Qe2 Nxd3 16. cxd3 dxe5 17. Nxe5 Rc8 18. a5 Nf6 19. Bb6 Qd6 20. d4 Nd7 21. Nxd7 Qxd7 22. f5 exf5 23. d5 Bb5 24. Nxb5 axb5 25. Qd3 g6 26. Be3 Bd6 27. Bh6 Rfe8 28. Rfe1 Re5 29. Rxe5 Bxe5 30. Qe2 Qd6 31. g3 f6 32. Rd1 Rc4 33. Qf2 Kf7 34. Qa7 g5 35. Qxb7+ Rc7 36. Qxb5 Kg6 37. Qd3 Kxh6 38. Qxf5 Bxb2 39. Qd3 Be5 40. Qe2 Rc5 41. Qa2 Qa6 42. Qg2 Rxa5 43. Qh3+ Kg6 44. Qd7 Qa8 45. h4 Ra7 46. Qg4 Ra1 0-1

[Event "Buenos Aires CC Argentino"]
[Site "Buenos Aires"]
[Date "1977.??.??"]
[Round "7"]
[White "Garcia, Raimundo"]
[Black "Cuasnicu, Oscar"]
[Result "1/2-1/2"]
[WhiteElo "2435"]
[BlackElo "2400"]
[PlyCount "94"]
[EventDate "1977.??.??"]
[EventType "tourn"]
[EventRounds "11"]
[EventCountry "ARG"]
[EventCategory "8"]
[SourceTitle "MCD"]
[Source "ChessBase"]
[SourceDate "1999.07.01"]
[SourceVersion "1"]
[SourceVersionDate "1999.07.01"]
[SourceQuality "1"]

1. d4 Nf6 2. c4 e6 3. Nc3 d5 4. Nf3 Be7 5. Bg5 0-0 6. e3 Ne4 7. Bxe7 Qxe7 8. Bd3 Nxc3 9. bxc3 Nc6 10. cxd5 exd5 11. Qc2 h6 12. Rb1 Rb8 13. 0-0 Bg4 14. Nd2 Rfd8 15. Rfe1 Qa3 16. Bb5 Ne7 17. Bd3 Nc6 18. e4 dxe4 19. Nxe4 b6 20. Bc4 Qf8 21. a4 Ne7 22. Nf6+ gxf6 23. Rxe7 Qxe7 24. Qg6+ Kf8 25. Qxh6+ Kg8 26. Qg6+ Kf8 27. Qxg4 f5 28. Qxf5 Rd6 29. g3 Rc6 30. Qd3 Rd8 31. Kf1 Rh6 32. Re1 Qd7 33. h4 Qxa4 34. Kg2 Qc6+ 35. d5 Qg6 36. Qe3 Kg8 37. Qe7 Qd6 38. Qg5+ Rg6 39. Qh5 b5 40. Re6 Rxe6 41. dxe6 bxc4 42. Qxf7+ Kh8 43. Qf6+ Kg8 44. Qg6+ Kh8 45. Qh6+ Kg8 46. Qg5+ Kh7 47. Qf5+ Kh8 1/2-1/2

[Event "Buenos Aires CC Argentino"]
[Site "Buenos Aires"]
[Date "1977.??.??"]
[Round "5"]
[White "Panno, Oscar"]
[Black "Cuasnicu, Oscar"]
[Result "1-0"]
[WhiteElo "2550"]
[BlackElo "2400"]
[PlyCount "105"]
[EventDate "1977.??.??"]
[EventType "tourn"]
[EventRounds "11"]
[EventCountry "ARG"]
[EventCategory "8"]
[SourceTitle "MCD"]
[Source "ChessBase"]
[SourceDate "1999.07.01"]
[SourceVersion "1"]
[SourceVersionDate "1999.07.01"]
[SourceQuality "1"]

1. Nf3 Nf6 2. c4 e6 3. g3 d5 4. Bg2 Be7 5. 0-0 0-0 6. d4 c6 7. b3 b6 8. Qc2 Bb7 9. Rd1 Nbd7 10. Nc3 Bb4 11. Bb2 Rc8 12. a3 Bxc3 13. Bxc3 Ne4 14. Bb2 f5 15. Ne1 h5 16. f3 Nd6 17. Nd3 h4 18. Nf4 hxg3 19. hxg3 Qg5 20. Kf2 Nf6 21. Rh1 c5 22. dxc5 e5 23. Bxe5 Nde4+ 24. fxe4 Ng4+ 25. Kg1 Nxe5 26. Qc3 d4 27. Qxd4 Qf6 28. Qd6 fxe4 29. Qxf6 Rxf6 30. Rh5 Re8 31. Nd5 Rg6 32. Bxe4 Rxg3+ 33. Kh2 Ng4+ 34. Kxg3 Rxe4 35. cxb6 axb6 36. Rah1 Nh6 37. Kf3 Re6 38. e4 Nf7 39. R5h2 Ng5+ 40. Kf4 Nxe4 41. Rh8+ Kf7 42. Rb8 Nd6 43. Rhh8 Re4+ 44. Kf3 Rd4 45. Rhf8+ Ke6 46. Rfd8 Bxd5+ 47. cxd5+ Ke7 48. Rxb6 Kxd8 49. Rxd6+ Kc7 50. Ke3 Rd1 51. Rc6+ Kb7 52. Ke4 g5 53. Rc3 1-0

[Event "Mar del Plata International-30 Maderna"]
[Site "Mar del Plata"]
[Date "1976.03.26"]
[Round "15"]
[White "Rocha, Antonio Cavilhas"]
[Black "Cuasnicu, Oscar"]
[Result "1/2-1/2"]
[WhiteElo "2315"]
[BlackElo "2400"]
[PlyCount "23"]
[EventDate "1976.03.08"]
[EventType "tourn"]
[EventRounds "15"]
[EventCountry "ARG"]
[SourceTitle "EXT 1998"]
[Source "ChessBase"]
[SourceDate "1997.11.17"]
[SourceVersion "1"]
[SourceVersionDate "1997.11.17"]
[SourceQuality "1"]

1. e4 e5 2. Nf3 d6 3. d4 Nd7 4. Bc4 c6 5. a4 Be7 6. dxe5 dxe5 7. 0-0 Ngf6 8. Nc3 0-0 9. Qe2 a5 10. Nh4 Nc5 11. Nf5 Bxf5 12. exf5 1/2-1/2

[Event "Mar del Plata International-30 Maderna"]
[Site "Mar del Plata"]
[Date "1976.03.19"]
[Round "10"]
[White "Cuasnicu, Oscar"]
[Black "Schweber, Samuel"]
[Result "1/2-1/2"]
[WhiteElo "2400"]
[BlackElo "2455"]
[PlyCount "20"]
[EventDate "1976.03.08"]
[EventType "tourn"]
[EventRounds "15"]
[EventCountry "ARG"]
[SourceTitle "EXT 1998"]
[Source "ChessBase"]
[SourceDate "1997.11.17"]
[SourceVersion "1"]
[SourceVersionDate "1997.11.17"]
[SourceQuality "1"]

1. e4 e5 2. Nf3 Nc6 3. Bb5 d6 4. d4 Bd7 5. Nc3 Nxd4 6. Nxd4 exd4 7. Qxd4 Nf6 8. 0-0 Be7 9. Bxd7+ Qxd7 10. Bf4 0-0 1/2-1/2

[Event "Mar del Plata International-30 Maderna"]
[Site "Mar del Plata"]
[Date "1976.03.18"]
[Round "9"]
[White "Letelier Martner, Rene"]
[Black "Cuasnicu, Oscar"]
[Result "0-1"]
[WhiteElo "2350"]
[BlackElo "2400"]
[PlyCount "82"]
[EventDate "1976.03.08"]
[EventType "tourn"]
[EventRounds "15"]
[EventCountry "ARG"]
[SourceTitle "EXT 1998"]
[Source "ChessBase"]
[SourceDate "1997.11.17"]
[SourceVersion "1"]
[SourceVersionDate "1997.11.17"]
[SourceQuality "1"]

1. e4 c5 2. Nf3 e6 3. d4 cxd4 4. Nxd4 a6 5. Bd3 d6 6. 0-0 g6 7. b3 Bg7 8. Bb2 Nf6 9. c4 0-0 10. Nd2 b6 11. Qe2 Bb7 12. Rad1 Nbd7 13. Bb1 Qc7 14. Rfe1 Nc5 15. Qe3 Rfe8 16. h3 Rad8 17. Bc2 e5 18. Ne2 Ne6 19. Nb1 b5 20. Nd2 b4 21. Nf1 a5 22. Nh2 Nc5 23. Ng3 h5 24. Nf3 Nh7 25. Bc1 Qe7 26. Qe2 Bf6 27. a3 Bc6 28. axb4 axb4 29. Qd2 Qb7 30. h4 Be7 31. Bb2 Rb8 32. Re2 Qc8 33. Nf1 Nf6 34. Ng5 Ne6 35. Nxe6 Qxe6 36. f3 Nd7 37. Ne3 Qf6 38. Qe1 Nc5 39. Nd5 Bxd5 40. Rxd5 Ne6 41. Rb5 Rxb5 0-1

[Event "Mar del Plata International-30 Maderna"]
[Site "Mar del Plata"]
[Date "1976.03.16"]
[Round "8"]
[White "Cuasnicu, Oscar"]
[Black "Garcia Palermo, Carlos H"]
[Result "1-0"]
[WhiteElo "2400"]
[BlackElo "2370"]
[PlyCount "81"]
[EventDate "1976.03.08"]
[EventType "tourn"]
[EventRounds "15"]
[EventCountry "ARG"]
[SourceTitle "EXT 1998"]
[Source "ChessBase"]
[SourceDate "1997.11.17"]
[SourceVersion "1"]
[SourceVersionDate "1997.11.17"]
[SourceQuality "1"]

1. e4 e6 2. d3 d5 3. Nd2 Nc6 4. Ngf3 Nf6 5. Be2 Be7 6. 0-0 0-0 7. c3 a5 8. a4 b6 9. Re1 Ba6 10. Qc2 dxe4 11. dxe4 Bxe2 12. Rxe2 Nd7 13. Nc4 Nc5 14. Bf4 Qc8 15. Nd4 Qb7 16. Nb5 Rac8 17. Rd1 f6 18. Red2 Nb8 19. f3 e5 20. Be3 Kh8 21. Bf2 Rce8 22. Ne3 Ne6 23. Nd5 Bd8 24. Qb3 Qc6 25. Kh1 Na6 26. Qa2 Qa8 27. Na3 Nb8 28. Nc4 Nc6 29. Qb3 Nb8 30. h3 Na6 31. Qc2 Qc6 32. Na3 Nb8 33. b4 axb4 34. cxb4 Qxc2 35. Rxc2 Na6 36. Nb5 Kg8 37. Rc4 Kf7 38. a5 bxa5 39. bxa5 Be7 40. Rc6 Nb4 41. Rxe6 1-0

[Event "Mar del Plata International-30 Maderna"]
[Site "Mar del Plata"]
[Date "1976.03.14"]
[Round "6"]
[White "Rubinetti, Jorge Alberto"]
[Black "Cuasnicu, Oscar"]
[Result "1/2-1/2"]
[WhiteElo "2380"]
[BlackElo "2400"]
[PlyCount "22"]
[EventDate "1976.03.08"]
[EventType "tourn"]
[EventRounds "15"]
[EventCountry "ARG"]
[SourceTitle "EXT 1998"]
[Source "ChessBase"]
[SourceDate "1997.11.17"]
[SourceVersion "1"]
[SourceVersionDate "1997.11.17"]
[SourceQuality "1"]

1. d4 Nf6 2. c4 c6 3. Nf3 d5 4. e3 e6 5. Nbd2 Ne4 6. Bd3 f5 7. Ne5 Qf6 8. 0-0 Bd6 9. f4 Nd7 10. Ndf3 0-0 11. b3 Qe7 1/2-1/2

[Event "Montevideo"]
[Site "Montevideo"]
[Date "1976.??.??"]
[Round "8"]
[White "Carvalho, Herbert Abreu"]
[Black "Cuasnicu, Oscar"]
[Result "1/2-1/2"]
[WhiteElo "2270"]
[BlackElo "2400"]
[PlyCount "55"]
[EventDate "1976.12.??"]
[EventType "tourn"]
[EventRounds "13"]
[EventCountry "URU"]
[SourceTitle "EXT 1998"]
[Source "ChessBase"]
[SourceDate "1997.11.17"]
[SourceVersion "1"]
[SourceVersionDate "1997.11.17"]
[SourceQuality "1"]

1. Nf3 d5 2. b3 Bg4 3. e3 e5 4. h3 Bxf3 5. Qxf3 Nf6 6. Bb2 Nc6 7. Bb5 Bd6 8. 0-0 0-0 9. Bxc6 bxc6 10. d3 e4 11. Qf5 Re8 12. Nd2 Re6 13. dxe4 Nxe4 14. Nxe4 Rxe4 15. c4 g6 16. Qf3 Be5 17. cxd5 cxd5 18. Bxe5 Rxe5 19. Rac1 Qd6 20. Qf4 a5 21. Rfd1 Rb8 22. Qd4 Rb5 23. Rc6 Qxc6 24. Qxe5 Rc5 25. Kh2 Qe6 26. Qd4 Rc2 27. Rd2 Qd6+ 28. f4 1/2-1/2

[Event "Montevideo"]
[Site "Montevideo"]
[Date "1976.??.??"]
[Round "11"]
[White "Cuasnicu, Oscar"]
[Black "Hase, Juan Carlos"]
[Result "1/2-1/2"]
[WhiteElo "2400"]
[BlackElo "2430"]
[PlyCount "27"]
[EventDate "1976.12.??"]
[EventType "tourn"]
[EventRounds "13"]
[EventCountry "URU"]
[SourceTitle "EXT 1998"]
[Source "ChessBase"]
[SourceDate "1997.11.17"]
[SourceVersion "1"]
[SourceVersionDate "1997.11.17"]
[SourceQuality "1"]

1. e4 c5 2. Nf3 d6 3. d4 cxd4 4. Nxd4 Nf6 5. Nc3 e6 6. Be2 Be7 7. 0-0 0-0 8. f4 Nc6 9. Be3 Bd7 10. Qe1 Nxd4 11. Bxd4 Bc6 12. Qg3 g6 13. e5 dxe5 14. Bxe5 1/2-1/2